Soft sensors for monitoring and control of industrial processes

Na minha lista:
Detalhes bibliográficos
Main Authors: Fortuna, Luigi (Author), Graziani, Salvatore (Author), Rizzo, Alessandro (Author), Xibilia, Maria G. (Author)
Formato: Livro
Idioma:inglês
Publicado em: Londýn Springer 2007
Colecção:Advances in industrial control
Assuntos:
Acesso em linha:View in OPAC
Tags: Adicionar Tag
Sem tags, seja o primeiro a adicionar uma tag!

MARC

LEADER 00000nam a2200000 a 4500
005 20260127134121.0
008 200608 2007 enka 001 0 eng d
020 |a 9781846284793 
035 |a vtls011972394 
039 9 |y 202006080950  |z mschk03 
040 |a STUSCHK1  |b slo  |c STUSCHK1  |e AACR2 
080 |a 681.25  |2 22 
245 1 |a Soft sensors for monitoring and control of industrial processes  |c Luigi Fortuna ... [et al.] 
260 |a Londýn  |b Springer  |c 2007 
300 |a xviii, 270 s.  |b il.  |c 25 cm 
490 0 |a Advances in industrial control 
504 |a Includes bibliographical references and index 
650 0 |a Detectors  |x Design and construction 
650 0 |a Manufacturing processes  |x Mathematical models 
650 0 |a Process control œx Mathematical models 
700 1 |a Fortuna, Luigi  |4 aut 
700 1 |a Graziani, Salvatore  |4 aut 
700 1 |a Rizzo, Alessandro  |4 aut 
700 1 |a Xibilia, Maria G.  |4 aut 
910 |a SCHK95 
919 |a 978-1-84628-479-3 
999 |c 4441  |d 4441